Normal view MARC view
  • Mersin İli (Türkiye)

Entry Geographic Name

Number of records used in: 1

001 - CONTROL NUMBER

  • control field: 124396

003 - CONTROL NUMBER IDENTIFIER

  • control field: TR-AnTOB

005 - DATE AND TIME OF LATEST TRANSACTION

  • control field: 20190410135209.0

008 - FIXED-LENGTH DATA ELEMENTS

  • fixed length control field: 190410n|eazannaab| |n aaa d

024 7# - OTHER STANDARD IDENTIFIER

  • Source of number or code: uri
  • Standard number or code: http://koha.etu.edu.tr/cgi-bin/koha/opac-authoritiesdetail.pl?authid=124396

035 ## - SYSTEM CONTROL NUMBER

  • System control number: (TR-AnTOB)124396

040 ## - CATALOGING SOURCE

  • Original cataloging agency: TR-AnTOB

151 ## - HEADING--GEOGRAPHIC NAME

  • Geographic name: Mersin İli (Türkiye)
  • General subdivision: Ticaret

451 ## - SEE FROM TRACING--GEOGRAPHIC NAME

  • Geographic name: Mersin İli (Turkey)
  • General subdivision: Commerce

670 ## - SOURCE DATA FOUND

  • Source citation: Osmanlı Deniz Ticaretinin Yükselen Değeri Mersin (1812-1922) / editör Mehmet Mazak,Metin Yazarı Mehmet Mazak-Aylin Doğan. 2013
  • Bibliographic record control number: 200129881

688 ## - APPLICATION HISTORY NOTE

  • Institution to which field applies: TR-AnTOB
  • Application history note: SA 10.04.2019 lcsh
Devinim Yazılım Eğitim Danışmanlık tarafından Koha'nın orjinal sürümü uyarlanarak geliştirilip kurulmuştur.